[Event "Mazowiec-chT op"]
[Site "Poland"]
[Date "2014.10.26"]
[Round "4.11"]
[White "Jachimiak, Wojciech"]
[Black "Kosior, Artur"]
[Result "1-0"]
[WhiteElo "1862"]
[BlackElo "1621"]
[PlyCount "93"]
[EventDate "2014.10.05"]
[EventType "team-tourn"]
[EventRounds "10"]
[EventCountry "POL"]
[SourceTitle "EXT 2019"]
[Source "ChessBase"]
[SourceDate "2018.10.10"]
[SourceVersion "1"]
[SourceVersionDate "2018.10.10"]
[SourceQuality "1"]

1. e4 e5 2. Nf3 Nc6 3. Bb5 Nf6 4. 0-0 d6 5. Re1 Be7 6. c3 0-0 7. h3 Be6 8. d4 exd4 9. cxd4 d5 10. e5 Nd7 11. Nc3 a6 12. Bd3 Re8 13. Be3 Nb4 14. Bb1 c5 15. a3 Nc6 16. dxc5 Ndxe5 17. Nxe5 Nxe5 18. Bxh7+ Kxh7 19. Qh5+ Kg8 20. Qxe5 Rc8 21. Na4 Qa5 22. Qf4 Bf6 23. Qb4 Qxb4 24. axb4 d4 25. Bd2 Bb3 26. Nb6 Rxe1+ 27. Rxe1 Rd8 28. g4 d3 29. g5 Bxb2 30. Re7 Be6 31. Rxb7 Bxh3 32. Ra7 Ba3 33. Ra8 Rxa8 34. Nxa8 Kf8 35. Nc7 a5 36. bxa5 Bxc5 37. Nd5 Be6 38. Ne3 Ke7 39. Kg2 Kd6 40. Kf3 Ke5 41. Bc3+ Bd4 42. Bd2 Bb3 43. Kg4 g6 44. Kg3 Be6 45. Nf1 Kd5 46. f3 Kc4 47. Kf4 1-0

[Event "Mazowiec-chT op 2013"]
[Site "Poland"]
[Date "2013.12.01"]
[Round "8.18"]
[White "Jachimiak, Wojciech"]
[Black "Pac, Maciej"]
[Result "0-1"]
[WhiteElo "1880"]
[BlackElo "1776"]
[PlyCount "62"]
[EventDate "2013.09.29"]
[EventType "team-swiss"]
[EventRounds "10"]
[EventCountry "POL"]
[SourceTitle "EXT 2019"]
[Source "ChessBase"]
[SourceDate "2018.10.10"]
[SourceVersion "1"]
[SourceVersionDate "2018.10.10"]
[SourceQuality "1"]

1. e4 c5 2. Nf3 d6 3. d4 cxd4 4. Nxd4 Nf6 5. Nc3 e6 6. Be2 Be7 7. 0-0 0-0 8. Be3 Nc6 9. f4 e5 10. Nb3 a6 11. a4 Qc7 12. a5 exf4 13. Bb6 Qd7 14. Rxf4 Ne5 15. Nd4 d5 16. Nf5 Ng6 17. Nxe7+ Qxe7 18. Rxf6 Qxf6 19. exd5 Re8 20. Ra4 Bd7 21. Rb4 Qd6 22. Qd4 Rac8 23. g3 Rxc3 24. bxc3 Rxe2 25. Bc5 Qc7 26. c4 h5 27. Rb6 Ne5 28. Kf1 Bg4 29. d6 Qd7 30. Qf4 Qa4 31. Bd4 Qxc2 0-1

[Event "Warsaw YMCA Autumn-B 130th"]
[Site "Warsaw"]
[Date "2013.11.07"]
[Round "8"]
[White "Praczukowski, Stanislaw"]
[Black "Jachimiak, Wojciech"]
[Result "1-0"]
[WhiteElo "1862"]
[BlackElo "1880"]
[PlyCount "67"]
[EventDate "2013.09.19"]
[EventType "tourn"]
[EventRounds "13"]
[EventCountry "POL"]
[SourceTitle "EXT 2015"]
[Source "ChessBase"]
[SourceDate "2014.11.20"]
[SourceVersion "1"]
[SourceVersionDate "2014.11.20"]
[SourceQuality "1"]

1. e4 c5 2. Nf3 e6 3. d4 cxd4 4. Nxd4 Nf6 5. Nc3 d6 6. Be3 Be7 7. f3 a6 8. Qd2 b5 9. 0-0-0 Bb7 10. g4 b4 11. Nce2 d5 12. e5 Nfd7 13. f4 g6 14. h4 Qa5 15. Kb1 Nc5 16. Bg2 Nbd7 17. Nb3 Qb6 18. h5 a5 19. hxg6 fxg6 20. Nxc5 Bxc5 21. Bxc5 Qxc5 22. Nd4 Qe7 23. Nb5 0-0 24. Nd6 Bc6 25. Qd4 a4 26. Rd3 Rfb8 27. f5 exf5 28. Bxd5+ Bxd5 29. Qxd5+ Kf8 30. Rdh3 h5 31. gxf5 Nxe5 32. fxg6 b3 33. Rf1+ Kg7 34. Nf5+ 1-0